|
|
|
|
| LEADER |
01243nam a2200349 a 4500 |
| 001 |
36881 |
| 003 |
BD-DhAAL |
| 005 |
20211129095334.0 |
| 008 |
191231t2003 njua b 000 0 eng d |
| 999 |
|
|
|c 41515
|d 41515
|
| 010 |
|
|
|a 2004266401
|
| 020 |
|
|
|a 9780471445494
|
| 020 |
|
|
|a 0471445495
|
| 040 |
|
|
|a DLC
|c DLC
|d DLC
|d BD-DhAAL
|
| 050 |
0 |
0 |
|a HG4515
|b .S67 2003
|
| 082 |
0 |
4 |
|a 332.6
|2 20
|
| 100 |
1 |
|
|a Soros, George.
|9 38715
|
| 245 |
1 |
4 |
|a The alchemy of finance /
|c George Soros ; [foreword by Paul A. Volcker].
|
| 260 |
|
|
|a Hoboken, N.J. :
|b J. Wiley,
|c c2003.
|
| 300 |
|
|
|a xx, 391 pages ;
|c 23 cm.
|
| 490 |
|
|
|a Wiley investment classics
|
| 500 |
|
|
|a "New edition"--P. xi.
|
| 504 |
|
|
|a Includes bibliographical references (pages 377-379).
|
| 526 |
|
|
|a BBS
|
| 541 |
|
|
|a Hye Trade International
|e 36881
|
| 650 |
|
0 |
|a Investments.
|9 38716
|
| 650 |
|
0 |
|a Finance.
|9 38717
|
| 650 |
|
0 |
|a Business & finance
|9 43241
|
| 830 |
|
|
|a Wiley investment classics
|9 38718
|
| 852 |
|
|
|a Ayesha Abed Library
|c General Stacks
|
| 942 |
|
|
|2 ddc
|c BK
|
| 952 |
|
|
|0 0
|1 0
|2 ddc
|4 0
|6 332_600000000000000_SOR
|7 0
|9 67613
|a BRACUL
|b BRACUL
|c GEN
|d 2019-12-29
|e Hye Trade International
|g 2050.00
|l 2
|m 25
|o 332.6 SOR
|p 3010036881
|r 2026-01-11
|s 2025-07-09
|t 1
|v 2050.00
|w 2019-12-29
|y BK
|